A History of the Faculty of Arts at the University of Adelaide 1876-2012 (Record no. 91309)

MARC details
000 -LEADER
fixed length control field 01831nam a2200277Ii 4500
008 - FIXED-LENGTH DATA ELEMENTS--GENERAL INFORMATION
fixed length control field 221202s xx 000 0 und d
245 #2 - TITLE STATEMENT
Title A History of the Faculty of Arts at the University of Adelaide 1876-2012
264 ## - PRODUCTION, PUBLICATION, DISTRIBUTION, MANUFACTURE, AND COPYRIGHT NOTICE
Name of producer, publisher, distributor, manufacturer University of Adelaide Press
Date of production, publication, distribution, manufacture, or copyright notice 2012
300 ## - PHYSICAL DESCRIPTION
Extent 1 online resource (402 pages)
336 ## - CONTENT TYPE
Content type term text
Content type code txt
Source rdacontent
337 ## - MEDIA TYPE
Media type term computer
Media type code c
Source rdamedia
338 ## - CARRIER TYPE
Carrier type term online resource
Carrier type code cr
Source rdacarrier
520 ## - SUMMARY, ETC.
Summary, etc. The Bachelor of Arts (BA) was the first recognised degree at the University of Adelaide. Although informal classes for some subjects were held at the University between 1873 and 1875, the first official University lecture was a Latin lecture at 10 am on Monday 28 March 1876. This was followed by lectures in Greek, English and Mental Philosophy. By 1878, the first BA student, Thomas Ainslie Caterer, completed his studies for the BA degree and in 1879 became the first graduate of the University of Adelaide. [...] In the first 50 years of the University's existence, less than ten BA students graduated each year. At the start of the 21st century this figure had climbed to over 300 BA graduates per year but what is interesting is that by 2010 the number of BA graduates was equalled by the number of graduates from separate named degrees within the Faculty plus 70 Music graduates.
653 ## - INDEX TERM--UNCONTROLLED
Uncontrolled term 1876
653 ## - INDEX TERM--UNCONTROLLED
Uncontrolled term Faculty Of Arts
653 ## - INDEX TERM--UNCONTROLLED
Uncontrolled term Social Siences
653 ## - INDEX TERM--UNCONTROLLED
Uncontrolled term University History
653 ## - INDEX TERM--UNCONTROLLED
Uncontrolled term University Of Adelaide
700 1# - ADDED ENTRY--PERSONAL NAME
Personal name Crossin, Carl
700 1# - ADDED ENTRY--PERSONAL NAME
Personal name Fornasiero, Jean
700 1# - ADDED ENTRY--PERSONAL NAME
Personal name Harvey, Nick
700 1# - ADDED ENTRY--PERSONAL NAME
Personal name Macintyre, Clem
700 1# - ADDED ENTRY--PERSONAL NAME
Personal name McCarthy, Greg
856 ## - ELECTRONIC LOCATION AND ACCESS
Uniform Resource Identifier <a href="https://docs.google.com/spreadsheets/d/1yKIrdCPDAG_9c22mwoOIO2DOhtj65Wqa/edit?usp=sharing&ouid=106555315294820607512&rtpof=true&sd=true ">https://docs.google.com/spreadsheets/d/1yKIrdCPDAG_9c22mwoOIO2DOhtj65Wqa/edit?usp=sharing&ouid=106555315294820607512&rtpof=true&sd=true </a>
Link text List of Curated E-Books
942 ## - ADDED ENTRY ELEMENTS (KOHA)
Koha item type E-Book

No items available.

University of Rizal System
Email us at univlibservices@urs.edu.ph

Visit our Website www.urs.edu.ph/library